01643nam a22003857a 4500003000500000005001700005008004100022010001000063011001000073035001000083040000900093090001000102100003400112245014500146260004100291300003900332502010400371590003700475590004100512590004100553590004100594590004200635650004400677650004600721650003500767650003200802901000700834905002600841942000900867949005500876949004200931999001700973952014000990952012701130CHAP20220329142010.0981211d1998 mx a r 00110 spa d a76853 a77825 a87530 cCHAP aTesis00aZenil Rubio, Jesús.912389810aEnsayo de fertilización con nitrógeno y fósforo en Pseudotsuga macrolepis Flous., bajo condiciones de viveroc/por Jesús Zenil Rubio aChapingo, Méx. :bEl autor,c1998. a70 h. :bilus. ; gráfs. ; tablas aTesis ((Ing. Forestal con Orientación en Silvicultura) -- UACH. División de Ciencias Forestales aALEPHb10c20130110lUCH01h1426 aBATCH-UPDb10c20130110lUCH01h0621 aBATCH-UPDb10c20130410lUCH01h0304 aBATCH-UPDb10c20130914lUCH01h1426 aCONVERSIONb10c20130109lUCH01h134214aFósforoxEfecto en pináceas.94224914aNitrógenoxEfecto en pináceas.98145614aPseudotsuga macrolepis.99259014aViveros forestales.9120100 aBK aAlejandra Carrasco M. cFOLL bBCcTESd33724000707006eTS2fc.2h33331i87530sb bBCcTESd875301eTS1h33330i87530sb c76853d76853 00102local4053708TESISaBCbBCcPA_TESISd2019-12-31fTESISl0oTesisp33724000707006r2019-12-31 00:00:00tc.2w2019-12-31yTESIS 00102local4051708TESISaBCbBCcPA_TESISd2019-12-31fTESISl0oTesisp875301r2019-12-31 00:00:00w2019-12-31yTESIS